000 00689nam a2200265Ia 4500
005 20260121172112.0
008 008 260114s9999 xx 000 0 eng d
020 _a9783030523879
037 _aEBOOK
040 _aCRL
040 _beng
040 _cCRL
041 _2eng
041 _aeng
084 _qCRL
100 _aAmnon Lehavi, Ronit Levine-Schnur
_91084293
245 0 _aDisruptive Technology, Legal Innovation, and the Future of Real Estate
260 _bSpringer
260 _bSpringer
260 _c2020
856 _uhttps://link.springer.com/openurl?genre=book&isbn=978-3-030-52387-9
942 _cEBOOK
999 _c1650027
_d1650027